| 000 | 00912cam a2200253 4500 | ||
|---|---|---|---|
| 008 | 040128n2002 000 0 eng u | ||
| 020 | _a0226534278 | ||
| 035 | _a(Sirsi) u124928 | ||
| 041 | _aeng | ||
| 050 |
_a526.9823 _c18 |
||
| 100 | _aMonmonier, Mark | ||
| 245 |
_aSpying with maps _bsurveillance technologies and the future of privacy |
||
| 260 |
_aUniversity of Chicago _c2002 |
||
| 300 |
_ax, 239p. _c22cm |
||
| 350 | _a12.28 | ||
| 520 | _aExamines the issue of privacy as mapping and surveillance technology become more advanced and potentially invasive of everyday life. Looks at the increasing usage of mapping in areas such as weather, forest fires and flooding, traffic control, crime and marketing. | ||
| 650 | _aGIS | ||
| 650 | _aAERIAL PHOTOGRAPHY | ||
| 650 | _aSURVEILLANCE | ||
| 650 | _aMAPPING | ||
| 650 | _aTRAFFIC CONTROL | ||
| 690 | _aMAPPING AND MEASUREMENT | ||
| 942 | _n0 | ||
| 999 |
_c103311 _d103311 |
||